[Event "ESP-ch FEDC 29th"]
[Site "San Fernando"]
[Date "2020.11.23"]
[Round "7"]
[White "Garcia Lorenzo, Jaime"]
[Black "Montilla Bejarano, Carmen"]
[Result "1-0"]
[WhiteElo "1224"]
[BlackElo "1073"]
[PlyCount "51"]
[EventDate "2020.11.17"]
[EventType "swiss"]
[EventRounds "7"]
[EventCountry "ESP"]
[SourceTitle "EXT 2024"]
[Source "ChessBase"]
[SourceDate "2023.10.10"]
[SourceVersion "1"]
[SourceVersionDate "2023.10.10"]
[SourceQuality "1"]

1. d4 d5 2. Nf3 Nc6 3. e3 e6 4. a3 Bd6 5. Bd3 Nge7 6. b3 Bd7 7. Bb2 h6 8. 0-0 0-0 9. Nbd2 Ng6 10. Rc1 Nce7 11. c4 c5 12. cxd5 cxd4 13. Nc4 Bc7 14. d6 Bb8 15. dxe7 Qxe7 16. Bxd4 b5 17. Nce5 Nxe5 18. Nxe5 Qd6 19. f4 Be8 20. Be4 f6 21. Ng4 Qxa3 22. Bxa8 Bf7 23. Nxh6+ gxh6 24. Qg4+ Kh8 25. Bxf6+ Kh7 26. Qg7# 1-0

[Event "Tenerife-ch (Women)"]
[Site "Tenerife"]
[Date "2020.01.22"]
[Round "4"]
[White "Montilla Bejarano, Carmen"]
[Black "Redondo Terron, Eva"]
[Result "0-1"]
[WhiteElo "1077"]
[BlackElo "1100"]
[PlyCount "54"]
[EventDate "2020.01.15"]
[EventType "tourn"]
[EventRounds "7"]
[EventCountry "ESP"]
[SourceTitle "CBM 195 Extra"]
[Source "ChessBase"]
[SourceDate "2020.05.31"]
[SourceVersion "1"]
[SourceVersionDate "2020.05.31"]
[SourceQuality "1"]

1. e4 e5 2. Bc4 Be7 3. Nf3 Nf6 4. Nxe5 0-0 5. Qf3 d6 6. Nd3 Nc6 7. c3 Be6 8. Bxe6 fxe6 9. 0-0 Qd7 10. b4 b5 11. e5 dxe5 12. Nc5 Bxc5 13. bxc5 e4 14. Qg3 e5 15. Na3 Rab8 16. h3 Qd5 17. d4 exd3 18. Bh6 Rf7 19. Qe3 b4 20. c4 Qd4 21. Nc2 dxc2 22. Bg5 Qxc4 23. Rfc1 b3 24. axb3 Rxb3 25. Qd2 Ne4 26. Rxc2 Nxd2 27. Rxc4 Nxc4 0-1

[Event "Santa Cruz qual ONCE"]
[Site "Santa Cruz de Tenerife"]
[Date "2018.09.??"]
[Round "2.4"]
[White "Montilla Bejarano, Carmen"]
[Black "Diaz Diaz, Andres Zhao"]
[Result "0-1"]
[WhiteElo "1136"]
[BlackElo "1068"]
[PlyCount "66"]
[EventDate "2018.09.07"]
[EventType "tourn"]
[EventRounds "6"]
[EventCountry "ESP"]
[SourceTitle "EXT 2024"]
[Source "ChessBase"]
[SourceDate "2023.10.10"]
[SourceVersion "1"]
[SourceVersionDate "2023.10.10"]
[SourceQuality "1"]

1. e4 e5 2. Bc4 Nf6 3. Nc3 a6 4. Nf3 Nc6 5. d3 h6 6. 0-0 d6 7. h3 Be6 8. Bxe6 fxe6 9. d4 exd4 10. Nxd4 Qd7 11. Nf3 0-0-0 12. e5 Ne8 13. exd6 Bxd6 14. a4 Qf7 15. Qe2 Qf6 16. Ne4 Qg6 17. Nxd6+ Nxd6 18. Bf4 Rhf8 19. Nh4 Qf6 20. g3 g5 21. Bxd6 Rxd6 22. Nf3 Qxf3 23. Qxf3 Rxf3 24. Kg2 Rf5 25. Rfe1 Re5 26. Red1 Nb4 27. c3 Nd3 28. Rf1 Nxb2 29. Rfb1 Rb6 30. Ra2 Nc4 31. Raa1 Rb2 32. Rxb2 Nxb2 33. Ra2 Nd3 0-1

[Event "Almunecar FEDC op 19th"]
[Site "Almunecar"]
[Date "2017.09.30"]
[Round "1.14"]
[White "Montilla Bejarano, Carmen"]
[Black "Venegas Nuno, Francisco"]
[Result "0-1"]
[WhiteElo "1175"]
[BlackElo "1599"]
[PlyCount "39"]
[EventDate "2017.09.30"]
[EventType "swiss"]
[EventRounds "7"]
[EventCountry "ESP"]
[SourceTitle "EXT 2024"]
[Source "ChessBase"]
[SourceDate "2023.10.10"]
[SourceVersion "1"]
[SourceVersionDate "2023.10.10"]
[SourceQuality "1"]

1. Nf3 c5 2. Nc3 Nc6 3. e4 e6 4. Bb5 d6 5. 0-0 Nf6 6. e5 dxe5 7. Nxe5 Bd7 8. Nxd7 Qxd7 9. Qf3 Be7 10. d3 0-0 11. Ne4 Nd4 12. Bxd7 Nxf3+ 13. gxf3 Nxd7 14. c4 Ne5 15. Kg2 Nxd3 16. Rd1 Rad8 17. b3 Bf6 18. Rb1 b6 19. Rg1 Nxc1 20. Rbxc1 0-1

[Event "Madrid FEDC-ch 25th"]
[Site "Madrid"]
[Date "2016.11.13"]
[Round "8"]
[White "Montilla Bejarano, Carmen"]
[Black "Barroso Vilanova, Daniel"]
[Result "0-1"]
[WhiteElo "1160"]
[BlackElo "1562"]
[PlyCount "46"]
[EventDate "2016.11.06"]
[EventType "swiss"]
[EventRounds "8"]
[EventCountry "ESP"]
[SourceTitle "CBM 175 Extra"]
[Source "ChessBase"]
[SourceDate "2016.12.12"]
[SourceVersion "1"]
[SourceVersionDate "2016.12.12"]
[SourceQuality "1"]

1. e4 e5 2. Nf3 Nc6 3. Nc3 Nf6 4. Bc4 Bc5 5. 0-0 0-0 6. d3 h6 7. Qe2 d6 8. h3 Na5 9. Be3 Bxe3 10. Qxe3 Nxc4 11. dxc4 Nh5 12. Rad1 f5 13. exf5 Bxf5 14. g4 Bxc2 15. Rd2 Bg6 16. gxh5 Bxh5 17. c5 Rxf3 18. Qxe5 dxe5 19. Rxd8+ Rxd8 20. Kg2 Rd2 21. Ne4 Rxb2 22. Rd1 Rf4 23. Ng3 Bxd1 0-1

[Event "Madrid FEDC-ch 25th"]
[Site "Madrid"]
[Date "2016.11.06"]
[Round "1"]
[White "Montilla Bejarano, Carmen"]
[Black "Lopez Perez, Angel Luis"]
[Result "0-1"]
[WhiteElo "1160"]
[BlackElo "1744"]
[PlyCount "72"]
[EventDate "2016.11.06"]
[EventType "swiss"]
[EventRounds "8"]
[EventCountry "ESP"]
[SourceTitle "CBM 175 Extra"]
[Source "ChessBase"]
[SourceDate "2016.12.12"]
[SourceVersion "1"]
[SourceVersionDate "2016.12.12"]
[SourceQuality "1"]

1. e4 c5 2. d4 e6 3. Bb5 a6 4. Ba4 b5 5. c4 bxa4 6. Qxa4 cxd4 7. Nf3 Nc6 8. 0-0 e5 9. Bd2 Nf6 10. Re1 Be7 11. Nxe5 Nxe5 12. Ba5 Bb4 13. Bxd8 Bxe1 14. Ba5 Bxa5 15. Qxa5 Nc6 16. Qe1 0-0 17. e5 Re8 18. Nd2 d6 19. f4 dxe5 20. Qf2 e4 21. Qe2 Bg4 22. Qf1 e3 23. Nf3 Rad8 24. h3 Bc8 25. Ne1 Ne4 26. Nd3 Bf5 27. Qf3 Rd6 28. c5 Rde6 29. g4 Nd2 30. Qe2 Be4 31. f5 Bf3 32. Qh2 R6e7 33. Qd6 Rd8 34. Qf4 f6 35. b3 Be4 36. Kh2 Bxd3 0-1

[Event "Almunecar FEDC op 17th"]
[Site "Almunecar"]
[Date "2016.09.28"]
[Round "4"]
[White "Montilla Bejarano, Carmen"]
[Black "Sanchez Soler, Manuel"]
[Result "1/2-1/2"]
[WhiteElo "1122"]
[BlackElo "1392"]
[PlyCount "53"]
[EventDate "2016.09.25"]
[EventType "swiss"]
[EventRounds "7"]
[EventCountry "ESP"]
[SourceTitle "EXT 2017"]
[Source "ChessBase"]
[SourceDate "2016.10.25"]
[SourceVersion "1"]
[SourceVersionDate "2016.10.25"]
[SourceQuality "1"]

1. e4 e6 2. Nc3 Bc5 3. d4 Bb4 4. Bd2 Nc6 5. Nf3 Nf6 6. Bd3 0-0 7. 0-0 d5 8. e5 Bxc3 9. exf6 Bxd2 10. fxg7 Kxg7 11. Qxd2 f5 12. Rfe1 Qf6 13. Qf4 Rf7 14. Ne5 Nxe5 15. dxe5 Qh6 16. Qxh6+ Kxh6 17. Re3 Kg7 18. Rg3+ Kh8 19. f4 Bd7 20. Be2 Rg7 21. Rxg7 Kxg7 22. h4 Rg8 23. a4 a5 24. c3 Kh8 25. b4 axb4 26. cxb4 Rg3 27. b5 1/2-1/2

[Event "Tenerife-ch"]
[Site "Santa Cruz de Tenerife"]
[Date "2016.04.18"]
[Round "8.15"]
[White "Dos Reis Cabrera, Jose Manuel"]
[Black "Montilla Bejarano, Carmen"]
[Result "1-0"]
[WhiteElo "1167"]
[BlackElo "1050"]
[PlyCount "40"]
[EventDate "2016.04.01"]
[EventType "swiss"]
[EventRounds "9"]
[EventCountry "ESP"]
[SourceTitle "EXT 2024"]
[Source "ChessBase"]
[SourceDate "2023.10.10"]
[SourceVersion "1"]
[SourceVersionDate "2023.10.10"]
[SourceQuality "1"]

1. e4 e5 2. Nf3 Nc6 3. Be2 Bb4 4. 0-0 Nf6 5. d3 d5 6. exd5 Qxd5 7. Bg5 Qe6 8. c3 Be7 9. Nbd2 e4 10. dxe4 Nxe4 11. Nxe4 0-0 12. Ng3 Bxg5 13. Nxg5 Rd8 14. Qc2 Qh6 15. N3e4 Bf5 16. f4 Re8 17. Bc4 Bxe4 18. Nxe4 a6 19. Ng5 Nd8 20. Qf5 Qg6 1-0

[Event "Tenerife-ch"]
[Site "Santa Cruz de Tenerife"]
[Date "2016.04.08"]
[Round "4.15"]
[White "Bernardez Gonzalez, Roberto"]
[Black "Montilla Bejarano, Carmen"]
[Result "1-0"]
[WhiteElo "1571"]
[BlackElo "1050"]
[PlyCount "49"]
[EventDate "2016.04.01"]
[EventType "swiss"]
[EventRounds "9"]
[EventCountry "ESP"]
[SourceTitle "EXT 2024"]
[Source "ChessBase"]
[SourceDate "2023.10.10"]
[SourceVersion "1"]
[SourceVersionDate "2023.10.10"]
[SourceQuality "1"]

1. e4 e5 2. Nf3 Nc6 3. d4 Bd6 4. d5 Nce7 5. c4 Ng6 6. Qc2 b6 7. Nc3 h6 8. Be3 Be7 9. Ne2 Bb7 10. Ng3 c6 11. Nf5 Rh7 12. h4 Bf6 13. Nd6+ Kf8 14. Nxb7 Qc7 15. Nc5 bxc5 16. Bxc5+ d6 17. Be3 cxd5 18. exd5 N8e7 19. h5 Nxd5 20. hxg6 fxg6 21. Qxg6 Rh8 22. cxd5 Re8 23. Ng5 hxg5 24. Rxh8+ Ke7 25. Qxe8# 1-0